Mere creatures : a study of modern fantasy tales for children

Αποθηκεύτηκε σε:
Λεπτομέρειες βιβλιογραφικής εγγραφής
Κύριος συγγραφέας: Gose, Elliott B.
Μορφή: Βιβλίο
Γλώσσα:English
Δημοσίευση: Toronto ; Buffalo : University of Toronto Press, c1988
Θέματα:
Ετικέτες: Προσθήκη ετικέτας
Δεν υπάρχουν, Καταχωρήστε ετικέτα πρώτοι!

MARC

LEADER 00000nam a2200000 i 4500
001 1/84671
008 981007s1988 eng d
020 |a 0-8020-6674-7 
035 |l 10034499 
035 |a 1991  |b 2  |c Ζερβού 
040 |a GR-MY-UA  |b gre  |e aacr 
041 0 |a eng 
082 0 |a 823.0876  |2 (19) 
100 1 |a Gose, Elliott B. 
245 1 0 |a Mere creatures :  |b a study of modern fantasy tales for children /  |c Elliott Gose 
260 |a Toronto ; Buffalo :   |b University of Toronto Press,   |c c1988 
300 |a x, 202 p.;  |c 24 cm 
504 |a Βιβλιογραφία: σ. [187]-193 
504 |a Περιέχει ευρετήριο 
650 0 0 |a Fantasy fiction, English  |x History and criticism. 
650 0 0 |a Children's stories, English  |x History and criticism. 
650 0 0 |a English fiction  |y 20th century  |x History and criticism. 
650 0 0 |a Fantasy fiction, American  |x History and criticism. 
650 0 0 |a Children's stories, American  |x History and criticism. 
650 0 0 |a American fiction  |y 20th century  |x History and criticism. 
650 0 0 |a Animals in literature. 
852 |a INST  |b RHODES  |e 19981007  |h 823.0876 GOS  |p 005400008099  |q 005400008099  |t BK  |y 0 
909 |a Ρ  |b 020811  |c 1991